[Event "RUS-chT Higher League 2021"]
[Site "Sochi"]
[Date "2021.05.08"]
[Round "7.8"]
[White "Matveev, Vladimir"]
[Black "Kolmagorov, Alexey"]
[Result "1/2-1/2"]
[WhiteElo "2368"]
[BlackElo "2129"]
[Annotator "NA"]
[PlyCount "116"]
[EventDate "2021.05.01"]
[EventType "team-tourn"]
[EventCountry "RUS"]
[SourceTitle "playchess.com"]
[Source "ChessBase"]
[SourceQuality "1"]
[TimeControl "40/5400+30:1800+30"]

1. d4 {[%emt 0:00:00]} Nf6 {[%emt 0:00:00]} 2. c4 {[%emt 0:00:00]} e6 {[%emt 0:00:00]} 3. Nf3 {[%emt 0:00:00]} d5 {[%emt 0:00:00]} 4. g3 {[%emt 0:00:00]} dxc4 {[%emt 0:00:05]} 5. Bg2 {[%emt 0:00:00]} a6 {[%emt 0:00:40]} 6. O-O {[%emt 0:00:38]} Nc6 {[%emt 0:00:21]} 7. e3 {[%emt 0:00:33]} Rb8 {[%emt 0:00:34]} 8. Qe2 {[%emt 0:00:24]} b5 {[%emt 0:02:31]} 9. b3 {[%emt 0:00:04]} cxb3 {[%emt 0:00:12]} 10. axb3 {[%emt 0:00:03]} Bb7 {[%emt 0:04:27]} 11. Bb2 {[%emt 0:08:02]} Nb4 {[%emt 0:08:47]} 12. Rc1 {[%emt 0:06:47]} Bd6 {[%emt 0:01:09]} 13. Nbd2 {[%emt 0:05:11]} O-O {[%emt 0:05:28]} 14. Ne5 {[%emt 0:42:38]} Bxg2 {[%emt 0:05:44]} 15. Kxg2 {[%emt 0:00:08]} Rb6 {[%emt 0:09:25]} 16. Kg1 {[%emt 0:11:24]} Qa8 {[%emt 0:09:49]} 17. Ba3 {[%emt 0:03:56]} Rc8 {[%emt 0:11:19]} 18. Ndf3 {[%emt 0:01:08]} c5 {[%emt 0:12:30]} 19. dxc5 {[%emt 0:06:30]} Rxc5 {[%emt 0:00:19]} 20. Rxc5 {[%emt 0:00:44]} Bxc5 {[%emt 0:00:04]} 21. Ng5 {[%emt 0:03:34]} Rb7 {[%emt 0:07:31]} 22. Qf3 {[%emt 0:04:28]} Qb8 {[%emt 0:13:00]} 23. Bxb4 {[%emt 0:01:18]} Qxe5 {[%emt 0:00:04]} 24. Rxa6 {[%emt 0:02:21]} Rb8 {[%emt 0:01:06]} 25. Bxc5 {[%emt 0:00:22]} Qxc5 {[%emt 0:00:12]} 26. Ra8 {[%emt 0:00:34]} Rxa8 {[%emt 0:01:45]} 27. Qxa8+ {[%emt 0:00:48]} Qf8 {[%emt 0:00:04]} 28. Qc6 {[%emt 0:01:05]} Qe8 {[%emt 0:01:00]} 29. Qb7 {[%emt 0:00:42]} h6 {[%emt 0:00:24]} 30. Nf3 {[%emt 0:00:27]} Qd7 {[%emt 0:01:48]} 31. Qb8+ {[%emt 0:00:06]} Qe8 {[%emt 0:00:47]} 32. Qb7 {[%emt 0:00:53]} Qd7 {[%emt 0:00:04]} 33. Qb8+ {[%emt 0:00:17]} Qe8 {[%emt 0:00:05]} 34. Qe5 {[%emt 0:01:07]} b4 {[%emt 0:04:19]} 35. Qd4 {[%emt 0:00:22]} Qb5 {[%emt 0:00:49]} 36. Ne5 {[%emt 0:00:26]} Nd5 {[%emt 0:00:35]} 37. Qa7 {[%emt 0:00:46]} Qe8 {[%emt 0:00:55]} 38. Qb7 {[%emt 0:00:10]} Qf8 {[%emt 0:00:19]} 39. Nd3 {[%emt 0:00:52]} Qd6 {[%emt 0:00:40]} 40. Qc8+ {[%emt 0:00:00]} Kh7 {[%emt 0:00:00]} 41. Qc4 {[%emt 0:00:38]} f5 {[%emt 0:06:29]} 42. Kf1 {[%emt 0:02:27]} e5 {[%emt 0:08:23]} 43. e4 {[%emt 0:10:17]} Nb6 {[%emt 0:03:14]} 44. Qc2 {[%emt 0:00:07]} fxe4 {[%emt 0:03:24]} 45. Nc5 {[%emt 0:00:04]} Kh8 {[%emt 0:00:53]} 46. Nxe4 {[%emt 0:00:22]} Qd4 {[%emt 0:00:47]} 47. h4 {[%emt 0:06:38]} Nd5 {[%emt 0:03:15]} 48. Qc4 {[%emt 0:00:05]} Qd1+ {[%emt 0:01:32]} 49. Kg2 {[%emt 0:00:05]} Kh7 {[%emt 0:01:03]} 50. Nc5 {[%emt 0:00:39]} Nf4+ {[%emt 0:02:42]} 51. Kh2 {[%emt 0:00:55]} Ne2 {[%emt 0:00:52]} 52. Qd3+ {[%emt 0:01:04]} Qxd3 {[%emt 0:00:22]} 53. Nxd3 {[%emt 0:00:01]} e4 {[%emt 0:01:42]} 54. Nc5 {[%emt 0:01:04]} Nd4 {[%emt 0:00:25]} 55. g4 {[%emt 0:00:55]} g5 {[%emt 0:00:48]} 56. h5 {[%emt 0:00:07]} Kg7 {[%emt 0:00:32]} 57. Kg2 {[%emt 0:00:05]} Kf7 {[%emt 0:00:53]} 58. Kf1 {[%emt 0:00:48]} Kf6 {[%emt 0:00:22]} 1/2-1/2

[Event "RUS-chT Higher League 2021"]
[Site "Sochi"]
[Date "2021.05.08"]
[Round "7.9"]
[White "Mokshanov, Alexey"]
[Black "Kokarev, Dmitry"]
[Result "1/2-1/2"]
[WhiteElo "2448"]
[BlackElo "2631"]
[Annotator "TA"]
[PlyCount "33"]
[EventDate "2021.05.01"]
[EventType "team-tourn"]
[EventCountry "RUS"]
[SourceTitle "playchess.com"]
[Source "ChessBase"]
[SourceQuality "1"]

{[%evp 15,33,8,12,-10,-13,-10,0,0,0,0,0,0,-6,0,0,-4,12,9,17,9]} 1. e4 c5 2. Nf3 d6 3. Bb5+ Bd7 4. Bxd7+ Qxd7 5. O-O Nc6 6. c3 d5 7. exd5 Qxd5 8. d4 e6 {The position is equal.} 9. dxc5 {Strongly threatening Qxd5. B52: Sicilian: Moscow Variation with 3...Bd7.} Qxd1 10. Rxd1 Bxc5 11. Bf4 Nf6 12. Nbd2 Nh5 {[#]} 13. Be5 $146 ({Predecessor:} 13. Bg3 Nxg3 14. hxg3 Rd8 15. Ne4 Be7 16. Rxd8+ Kxd8 17. Rd1+ Kc7 18. Kf1 h6 19. Ke2 {0-1 (37) Andersen,C (1766)-Hoyer,J (2212) Helsingor 2016}) 13... Nxe5 14. Nxe5 Nf6 15. Ndc4 Rc8 16. Nd6+ Bxd6 17. Rxd6 {Not much happened in this game.  Weighted Error Value: White=0.03/Black=0.02} 1/2-1/2

[Event "RUS-chT Higher League 2021"]
[Site "Sochi"]
[Date "2021.05.08"]
[Round "7.10"]
[White "Pridorozhni, Aleksei"]
[Black "Grebnev, Aleksey"]
[Result "1/2-1/2"]
[WhiteElo "2555"]
[BlackElo "2283"]
[Annotator "ChessBase"]
[PlyCount "119"]
[EventDate "2021.05.01"]
[EventType "team-tourn"]
[EventCountry "RUS"]
[SourceTitle "playchess.com"]
[Source "ChessBase"]
[SourceQuality "1"]
[TimeControl "40/5400+30:1800+30"]

1. e4 {[%emt 0:00:00]} e6 {[%emt 0:00:00]} 2. d4 {[%emt 0:00:00]} d5 {[%emt 0:00:00]} 3. Nc3 {[%emt 0:00:00]} Bb4 {[%emt 0:00:00]} 4. exd5 {[%emt 0:00:35]} exd5 {[%emt 0:00:01]} 5. Bd3 {[%emt 0:00:07]} Nc6 {[%emt 0:00:08]} 6. a3 {[%emt 0:00:10]} Bxc3+ {[%emt 0:00:09]} 7. bxc3 {[%emt 0:00:06]} Nf6 {[%emt 0:00:12]} 8. Ne2 {[%emt 0:01:01]} O-O {[%emt 0:00:22]} 9. O-O {[%emt 0:00:13]} Na5 {[%emt 0:01:19]} 10. Ng3 {[%emt 0:02:17]} Re8 {[%emt 0:06:42]} 11. Qf3 {[%emt 0:01:36]} Bg4 {[%emt 0:06:50]} 12. Qf4 {[%emt 0:00:20]} Qd6 {[%emt 0:00:15]} 13. h3 {[%emt 0:00:26]} Bd7 {[%emt 0:01:42]} 14. Qh4 {[%emt 0:03:33]} Qc6 {[%emt 0:07:54]} 15. Bf4 {[%emt 0:04:30]} Nc4 {[%emt 0:03:39]} 16. Rfe1 {[%emt 0:02:46]} Ne4 {[%emt 0:06:27]} 17. f3 {[%emt 0:06:50]} Qf6 {[%emt 0:00:17]} 18. Qxf6 {[%emt 0:00:07]} Nxf6 {[%emt 0:00:05]} 19. Be5 {[%emt 0:00:06]} Nd6 {[%emt 0:05:58]} 20. Bxf6 {[%emt 0:01:31]} gxf6 {[%emt 0:00:08]} 21. Nh5 {[%emt 0:00:05]} Rxe1+ {[%emt 0:00:08]} 22. Rxe1 {[%emt 0:00:04]} Ne8 {[%emt 0:00:07]} 23. c4 {[%emt 0:06:05]} dxc4 {[%emt 0:02:05]} 24. Bxc4 {[%emt 0:00:06]} Kf8 {[%emt 0:00:07]} 25. g4 {[%emt 0:00:56]} Rd8 {[%emt 0:02:02]} 26. Kf2 {[%emt 0:02:57]} Ba4 {[%emt 0:01:19]} 27. c3 {[%emt 0:00:39]} c5 {[%emt 0:01:12]} 28. d5 {[%emt 0:06:29]} a6 29. Ba2 {[%emt 0:04:02]} b5 {[%emt 0:05:43]} 30. c4 {[%emt 0:00:17]} bxc4 {[%emt 0:02:39]} 31. Bxc4 {[%emt 0:00:36]} Bb5 {[%emt 0:00:05]} 32. Bb3 {[%emt 0:00:58]} c4 {[%emt 0:03:17]} 33. Bc2 {[%emt 0:00:10]} Rxd5 {[%emt 0:00:40]} 34. Bxh7 {[%emt 0:00:12]} Rd2+ {[%emt 0:04:51]} 35. Kg3 {[%emt 0:01:38]} Rb2 {[%emt 0:01:59]} 36. Rc1 {[%emt 0:01:58]} Rb3 {[%emt 0:00:43]} 37. a4 {[%emt 0:00:39]} Bc6 {[%emt 0:00:07]} 38. Rxc4 {[%emt 0:00:15]} Rxf3+ {[%emt 0:00:27]} 39. Kh4 {[%emt 0:00:23]} Bd7 {[%emt 0:00:15]} 40. Rd4 {[%emt 0:00:00]} Bc6 {[%emt 0:00:00]} 41. Be4 {[%emt 0:06:43]} Bxe4 {[%emt 0:00:49]} 42. Rxe4 {[%emt 0:00:05]} a5 {[%emt 0:05:58]} 43. Rf4 {[%emt 0:03:04]} Rxf4 {[%emt 0:02:22]} 44. Nxf4 {[%emt 0:00:12]} Nd6 {[%emt 0:00:03]} 45. Nd5 {[%emt 0:01:49]} Ne4 {[%emt 0:00:17]} 46. Nb6 {[%emt 0:00:09]} Kg7 {[%emt 0:00:25]} 47. Nc4 {[%emt 0:00:07]} Nc5 {[%emt 0:00:08]} 48. Nxa5 {[%emt 0:00:03]} Nxa4 {[%emt 0:00:04]} 49. Nc4 {[%emt 0:00:16]} Nc5 {[%emt 0:00:09]} 50. Kg3 {[%emt 0:00:12]} Kg6 {[%emt 0:00:13]} 51. Nd6 {[%emt 0:00:19]} Ne6 {[%emt 0:02:03]} 52. h4 {[%emt 0:00:19]} Ng7 {[%emt 0:00:37]} 53. Kf4 {[%emt 0:00:54]} Ne6+ {[%emt 0:00:14]} 54. Kf3 {[%emt 0:00:16]} Ng7 {[%emt 0:02:00]} 55. Ke4 {[%emt 0:00:44]} f5+ {[%emt 0:02:53]} 56. gxf5+ {[%emt 0:00:06]} Kh5 {[%emt 0:00:10]} 57. f6 {[%emt 0:00:05]} Ne6 {[%emt 0:00:09]} 58. Nxf7 {[%emt 0:01:28]} Kg6 {[%emt 0:00:15]} 59. Ng5 {[%emt 0:00:36]} Kxf6 {[%emt 0:00:07]} 60. Nxe6 1/2-1/2

[Event "RUS-chT Higher League 2021"]
[Site "Sochi"]
[Date "2021.05.08"]
[Round "7.11"]
[White "Sharikov, Alexander"]
[Black "Ulybin, Mikhail"]
[Result "0-1"]
[WhiteElo "2132"]
[BlackElo "2462"]
[Annotator "ChessBase"]
[PlyCount "71"]
[EventDate "2021.05.01"]
[EventType "team-tourn"]
[EventCountry "RUS"]
[SourceTitle "playchess.com"]
[Source "ChessBase"]
[SourceQuality "1"]
[TimeControl "40/5400+30:1800+30"]

1. d4 {[%emt 0:00:00]} d5 {[%emt 0:01:04]} 2. c4 {[%emt 0:00:00]} c6 {[%emt 0:02:22]} 3. cxd5 {[%emt 0:00:02]} cxd5 {[%emt 0:00:41]} 4. Bf4 {[%emt 0:00:09]} Nc6 {[%emt 0:11:49]} 5. e3 {[%emt 0:00:16]} e6 {[%emt 0:07:56]} 6. Nc3 {[%emt 0:00:21]} Bd6 {[%emt 0:02:52]} 7. Bxd6 {[%emt 0:00:14]} Qxd6 {[%emt 0:00:17]} 8. Bd3 {[%emt 0:00:44]} Nf6 {[%emt 0:05:59]} 9. f4 {[%emt 0:02:09]} a6 {[%emt 0:23:44]} 10. Rc1 {[%emt 0:07:16]} b5 {[%emt 0:07:53]} 11. Qe2 {[%emt 0:03:22]} Bb7 {[%emt 0:05:13]} 12. Nf3 {[%emt 0:01:10]} O-O {[%emt 0:02:12]} 13. O-O {[%emt 0:00:19]} Rac8 {[%emt 0:04:15]} 14. Ne5 {[%emt 0:02:15]} Na5 {[%emt 0:07:21]} 15. Qf3 {[%emt 0:28:34]} Rc7 {[%emt 0:03:32]} 16. a3 {[%emt 0:07:41]} Rfc8 {[%emt 0:08:13]} 17. Na2 {[%emt 0:09:42]} Ne4 {[%emt 0:02:06]} 18. Rcd1 {[%emt 0:01:19]} f6 {[%emt 0:00:31]} 19. Ng4 {[%emt 0:01:08]} Nc4 {[%emt 0:00:14]} 20. Qe2 {[%emt 0:00:10]} a5 {[%emt 0:00:55]} 21. Nf2 {[%emt 0:03:53]} b4 {[%emt 0:00:41]} 22. a4 {[%emt 0:00:52]} b3 {[%emt 0:00:27]} 23. Nxe4 {[%emt 0:00:45]} dxe4 {[%emt 0:00:07]} 24. Bxc4 {[%emt 0:00:01]} Rxc4 {[%emt 0:00:45]} 25. Nc3 {[%emt 0:00:03]} Rxc3 {[%emt 0:00:42]} 26. bxc3 {[%emt 0:00:03]} Ba6 {[%emt 0:00:17]} 27. Qb2 {[%emt 0:00:36]} Bxf1 {[%emt 0:00:35]} 28. Rxf1 {[%emt 0:00:04]} Rb8 {[%emt 0:00:35]} 29. c4 {[%emt 0:06:29]} Qb4 {[%emt 0:00:26]} 30. c5 {[%emt 0:00:06]} Qxa4 {[%emt 0:00:20]} 31. f5 {[%emt 0:00:03]} Qa2 {[%emt 0:00:46]} 32. Rb1 {[%emt 0:08:53]} Qxb2 {[%emt 0:00:22]} 33. Rxb2 {[%emt 0:00:01]} a4 {[%emt 0:00:31]} 34. c6 {[%emt 0:00:01]} Kf7 {[%emt 0:00:38]} 35. Kf2 {[%emt 0:00:23]} Rc8 {[%emt 0:00:30]} 36. Ra2 {[%emt 0:00:06]} 0-1

[Event "RUS-chT Higher League 2021"]
[Site "Sochi"]
[Date "2021.05.08"]
[Round "7.12"]
[White "Pingin, Artem"]
[Black "Bobkov, Vadim"]
[Result "1/2-1/2"]
[WhiteElo "2347"]
[BlackElo "2265"]
[Annotator "NA"]
[PlyCount "57"]
[EventDate "2021.05.01"]
[EventType "team-tourn"]
[EventCountry "RUS"]
[SourceTitle "playchess.com"]
[Source "ChessBase"]
[SourceQuality "1"]
[TimeControl "40/5400+30:1800+30"]

1. e4 {[%emt 0:00:00]} c5 {[%emt 0:00:00]} 2. Nf3 {[%emt 0:00:00]} Nf6 {[%emt 0:00:00]} 3. e5 {[%emt 0:00:00]} Nd5 {[%emt 0:00:00]} 4. Nc3 {[%emt 0:00:00]} Nxc3 {[%emt 0:00:29]} 5. dxc3 {[%emt 0:00:18]} Nc6 {[%emt 0:00:16]} 6. Bf4 {[%emt 0:00:20]} e6 {[%emt 0:00:26]} 7. Qd2 {[%emt 0:02:57]} Qc7 {[%emt 0:00:36]} 8. O-O-O {[%emt 0:04:02]} h6 {[%emt 0:02:07]} 9. h4 {[%emt 0:02:26]} b6 {[%emt 0:00:23]} 10. Bh2 {[%emt 0:11:11]} Bb7 {[%emt 0:01:01]} 11. Qf4 {[%emt 0:00:08]} f5 {[%emt 0:15:59]} 12. g4 {[%emt 0:15:15]} fxg4 {[%emt 0:01:06]} 13. Qxg4 {[%emt 0:00:10]} O-O-O {[%emt 0:00:07]} 14. Bd3 {[%emt 0:00:44]} g5 {[%emt 0:07:20]} 15. Kb1 {[%emt 0:10:01]} Be7 {[%emt 0:02:14]} 16. h5 {[%emt 0:10:31]} Rdf8 {[%emt 0:10:12]} 17. Be4 {[%emt 0:00:53]} Na5 {[%emt 0:05:06]} 18. Nd2 {[%emt 0:12:41]} Rxf2 {[%emt 0:19:28]} 19. Bg3 {[%emt 0:00:23]} Rf7 {[%emt 0:01:39]} 20. Rhe1 {[%emt 0:02:32]} Bxe4 {[%emt 0:16:16]} 21. Nxe4 {[%emt 0:00:08]} Rf5 {[%emt 0:00:03]} 22. Nf6 {[%emt 0:07:46]} Bxf6 {[%emt 0:07:29]} 23. exf6 {[%emt 0:00:10]} Qc6 {[%emt 0:00:01]} 24. Be5 {[%emt 0:05:46]} Rf8 {[%emt 0:01:27]} 25. b3 {[%emt 0:03:46]} Qf3 {[%emt 0:00:32]} 26. Qa4 {[%emt 0:00:55]} Qc6 {[%emt 0:00:51]} 27. Qg4 {[%emt 0:00:29]} Qf3 {[%emt 0:00:05]} 28. Qa4 {[%emt 0:00:40]} Qc6 {[%emt 0:02:13]} 29. Qg4 {[%emt 0:00:05]} 1/2-1/2

[Event "RUS-chT Higher League 2021"]
[Site "Sochi"]
[Date "2021.05.09"]
[Round "8.1"]
[White "Kokarev, Dmitry"]
[Black "Lysyj, Igor"]
[Result "1/2-1/2"]
[WhiteElo "2631"]
[BlackElo "2605"]
[Annotator "TA"]
[PlyCount "43"]
[EventDate "2021.05.01"]
[EventType "team-tourn"]
[EventCountry "RUS"]
[SourceTitle "playchess.com"]
[Source "ChessBase"]
[SourceQuality "1"]

{[%evp 18,43,33,10,29,25,17,13,20,9,23,11,22,22,15,14,4,-16,-12,-17,-13,-4,-8,-13,-5,-8,-8,-22]} 1. e4 e5 2. Nf3 Nc6 3. Bb5 Nf6 4. O-O Nxe4 5. d4 Nd6 6. Bxc6 dxc6 7. dxe5 Nf5 8. Qxd8+ Kxd8 9. Nc3 {[%cal Bb1c3,Bc3e2,Be2d4][%mdl 32]} Ke8 10. h3 h5 {C67: Ruy Lopez: Berlin Defence: 4 0-0 Nxe4.} 11. Bf4 Bb4 12. Ne2 Be6 {Black wants to play ...Bc4.} 13. Rfd1 Bd5 14. Nfd4 Nxd4 {The position is equal.} 15. Nxd4 Rd8 {[#]} 16. a3 $146 ({Predecessor:} 16. Nf5 Rg8 17. Bg5 Rd7 18. a3 Bf8 19. f3 f6 20. Bf4 g5 21. Bg3 Kf7 22. exf6 Kxf6 {½-½ (45) Bacrot,E (2720)-Sargissian,G (2686) Tromsoe 2014}) 16... Be7 17. Nf5 Be4 18. Nxe7 {[#] Strongly threatening Bg5.} Rxd1+ 19. Rxd1 {aiming for Bg5.} Kxe7 20. c3 Bd5 21. Rd4 b5 22. a4 {Not much happened in this game.  Weighted Error Value: White=0.06/Black=0.02} 1/2-1/2

[Event "RUS-chT Higher League 2021"]
[Site "Sochi"]
[Date "2021.05.09"]
[Round "8.2"]
[White "Shomoev, Anton"]
[Black "Pridorozhni, Aleksei"]
[Result "1-0"]
[WhiteElo "2563"]
[BlackElo "2555"]
[Annotator "ChessBase"]
[PlyCount "59"]
[EventDate "2021.05.01"]
[EventType "team-tourn"]
[EventCountry "RUS"]
[SourceTitle "playchess.com"]
[Source "ChessBase"]
[SourceQuality "1"]
[TimeControl "40/5400+30:1800+30"]

1. e4 {[%emt 0:00:00]} e5 {[%emt 0:00:00]} 2. Nf3 {[%emt 0:00:00]} Nc6 {[%emt 0:00:00]} 3. Bb5 {[%emt 0:00:00]} Nf6 {[%emt 0:00:01]} 4. O-O {[%emt 0:00:00]} Nxe4 {[%emt 0:00:06]} 5. d4 {[%emt 0:00:03]} Nd6 {[%emt 0:00:07]} 6. Bxc6 {[%emt 0:00:04]} dxc6 {[%emt 0:00:08]} 7. dxe5 {[%emt 0:00:06]} Nf5 {[%emt 0:00:06]} 8. Qxd8+ {[%emt 0:00:05]} Kxd8 {[%emt 0:00:06]} 9. h3 {[%emt 0:00:05]} Bd7 {[%emt 0:00:49]} 10. Rd1 {[%emt 0:00:07]} Kc8 {[%emt 0:00:16]} 11. g4 {[%emt 0:00:06]} Ne7 {[%emt 0:00:11]} 12. Ng5 {[%emt 0:00:03]} Be8 {[%emt 0:00:09]} 13. f4 {[%emt 0:00:02]} h5 {[%emt 0:00:19]} 14. Kf2 {[%emt 0:00:07]} b6 {[%emt 0:00:31]} 15. f5 {[%emt 0:08:04]} Kb7 {[%emt 0:01:49]} 16. c4 {[%emt 0:00:23]} c5 {[%emt 0:01:03]} 17. Nc3 {[%emt 0:07:57]} Nc6 {[%emt 0:04:32]} 18. Bf4 {[%emt 0:03:39]} g6 {[%emt 0:05:08]} 19. e6 {[%emt 0:02:15]} fxe6 {[%emt 0:00:18]} 20. Nxe6 {[%emt 0:00:10]} hxg4 {[%emt 0:00:04]} 21. hxg4 {[%emt 0:09:03]} gxf5 {[%emt 0:00:19]} 22. Nxc7 {[%emt 0:00:09]} Bh6 {[%emt 0:00:09]} 23. Bxh6 {[%emt 0:00:06]} Kxc7 {[%emt 0:00:04]} 24. Nb5+ {[%emt 0:00:07]} Kb7 {[%emt 0:00:13]} 25. g5 {[%emt 0:00:14]} Ne5 {[%emt 0:15:10]} 26. Bg7 {[%emt 0:16:30]} Ng4+ {[%emt 0:00:12]} 27. Kg3 {[%emt 0:00:34]} Rg8 {[%emt 0:00:08]} 28. Nd6+ {[%emt 0:02:57]} Ka6 {[%emt 0:00:55]} 29. Rd3 {[%emt 0:02:34]} b5 {[%emt 0:04:13]} 30. Nxf5 {[%emt 0:00:58]} 1-0

[Event "RUS-chT Higher League 2021"]
[Site "Sochi"]
[Date "2021.05.09"]
[Round "8.3"]
[White "Ulybin, Mikhail"]
[Black "Drygalov, Andrey"]
[Result "1-0"]
[WhiteElo "2462"]
[BlackElo "2500"]
[Annotator "ChessBase"]
[PlyCount "179"]
[EventDate "2021.05.01"]
[EventType "team-tourn"]
[EventCountry "RUS"]
[SourceTitle "playchess.com"]
[Source "ChessBase"]
[SourceQuality "1"]
[TimeControl "40/5400+30:1800+30"]

1. Nf3 {[%emt 0:00:40]} d5 {[%emt 0:00:00]} 2. g3 {[%emt 0:01:13]} g6 {[%emt 0:00:51]} 3. Bg2 Bg7 {[%emt 0:00:04]} 4. d4 {[%emt 0:02:59]} Nf6 {[%emt 0:00:03]} 5. O-O {[%emt 0:01:26]} O-O {[%emt 0:00:22]} 6. Be3 {[%emt 0:03:32]} c6 {[%emt 0:02:24]} 7. Qc1 {[%emt 0:01:49]} Qb6 {[%emt 0:06:43]} 8. c4 {[%emt 0:04:57]} dxc4 {[%emt 0:13:57]} 9. Na3 {[%emt 0:06:07]} Qa6 {[%emt 0:03:13]} 10. Nxc4 {[%emt 0:15:14]} Be6 {[%emt 0:00:38]} 11. b3 {[%emt 0:02:06]} Bd5 {[%emt 0:00:46]} 12. Rd1 {[%emt 0:14:31]} Nbd7 {[%emt 0:01:35]} 13. Bf1 {[%emt 0:03:39]} Rac8 {[%emt 0:07:22]} 14. Nce5 {[%emt 0:17:14]} Qa5 {[%emt 0:10:20]} 15. Bh3 {[%emt 0:13:40]} e6 {[%emt 0:14:58]} 16. Bd2 {[%emt 0:03:14]} Qb6 {[%emt 0:04:20]} 17. Bh6 {[%emt 0:02:02]} Bxf3 {[%emt 0:06:31]} 18. Bxg7 {[%emt 0:02:10]} Kxg7 {[%emt 0:00:28]} 19. Nxf3 {[%emt 0:00:28]} c5 {[%emt 0:00:57]} 20. Qb2 {[%emt 0:01:47]} Kg8 {[%emt 0:01:40]} 21. dxc5 {[%emt 0:00:48]} Rxc5 {[%emt 0:00:18]} 22. Rac1 {[%emt 0:00:49]} Rfc8 {[%emt 0:00:14]} 23. Rxc5 {[%emt 0:00:19]} Qxc5 {[%emt 0:00:06]} 24. Nd4 {[%emt 0:00:35]} Ne4 {[%emt 0:12:21]} 25. Bg2 {[%emt 0:00:38]} Ndf6 {[%emt 0:03:02]} 26. e3 {[%emt 0:00:23]} e5 {[%emt 0:01:19]} 27. Bxe4 {[%emt 0:00:33]} Nxe4 {[%emt 0:01:00]} 28. Nf3 {[%emt 0:00:17]} f6 {[%emt 0:03:33]} 29. Ne1 {[%emt 0:00:15]} Qc6 {[%emt 0:01:28]} 30. h4 {[%emt 0:00:42]} Nc3 {[%emt 0:02:40]} 31. Rd3 {[%emt 0:00:24]} Kg7 {[%emt 0:01:13]} 32. Qa3 {[%emt 0:00:50]} Ne2+ {[%emt 0:00:03]} 33. Kh2 {[%emt 0:00:31]} Rc7 {[%emt 0:00:28]} 34. Rd8 {[%emt 0:00:24]} Rf7 {[%emt 0:00:21]} 35. Rd2 {[%emt 0:00:37]} Nc3 {[%emt 0:00:50]} 36. Qxa7 {[%emt 0:00:25]} Ne4 {[%emt 0:01:01]} 37. Rc2 {[%emt 0:00:29]} Qb5 {[%emt 0:00:04]} 38. Qa4 {[%emt 0:00:33]} Qxa4 {[%emt 0:00:24]} 39. bxa4 {[%emt 0:00:04]} Rd7 {[%emt 0:00:58]} 40. Kg2 {[%emt 0:00:00]} b6 {[%emt 0:00:00]} 41. Rc4 {[%emt 0:20:49]} Nd6 {[%emt 0:05:05]} 42. Rb4 {[%emt 0:02:00]} Nc8 {[%emt 0:00:44]} 43. Nf3 {[%emt 0:03:32]} Kf7 {[%emt 0:00:46]} 44. g4 {[%emt 0:01:53]} Rc7 {[%emt 0:02:06]} 45. g5 {[%emt 0:02:04]} Rc2 {[%emt 0:00:59]} 46. a3 {[%emt 0:01:54]} Rc3 {[%emt 0:11:12]} 47. gxf6 {[%emt 0:00:52]} Kxf6 {[%emt 0:00:04]} 48. Ng5 {[%emt 0:00:32]} Rc7 {[%emt 0:00:03]} 49. Kf3 {[%emt 0:00:53]} h6 {[%emt 0:00:18]} 50. Ne4+ {[%emt 0:00:14]} Ke6 {[%emt 0:00:44]} 51. Ke2 {[%emt 0:01:06]} Rc1 {[%emt 0:00:36]} 52. Kd3 {[%emt 0:00:54]} Ra1 {[%emt 0:00:41]} 53. Nc3 {[%emt 0:00:33]} Rf1 {[%emt 0:02:05]} 54. Ke2 {[%emt 0:00:36]} Rc1 {[%emt 0:00:56]} 55. Kd2 {[%emt 0:00:29]} Rf1 {[%emt 0:00:27]} 56. Nd1 {[%emt 0:00:33]} Rg1 {[%emt 0:00:08]} 57. Ke2 {[%emt 0:00:30]} Kd5 {[%emt 0:03:32]} 58. Nb2 {[%emt 0:00:31]} g5 {[%emt 0:04:04]} 59. hxg5 {[%emt 0:00:27]} hxg5 {[%emt 0:00:35]} 60. e4+ {[%emt 0:00:23]} Kc6 {[%emt 0:02:31]} 61. Nc4 {[%emt 0:00:15]} Ra1 {[%emt 0:00:19]} 62. Nxe5+ {[%emt 0:00:28]} Kd6 {[%emt 0:00:08]} 63. Nf7+ {[%emt 0:00:52]} Kc5 {[%emt 0:00:04]} 64. Rb3 {[%emt 0:00:38]} Kc4 {[%emt 0:00:19]} 65. Rd3 {[%emt 0:00:25]} Re1+ {[%emt 0:03:17]} 66. Kxe1 {[%emt 0:00:07]} Kxd3 {[%emt 0:00:02]} 67. Nxg5 {[%emt 0:00:20]} Ne7 {[%emt 0:01:00]} 68. f4 {[%emt 0:00:49]} Ke3 {[%emt 0:00:13]} 69. f5 {[%emt 0:00:15]} Kf4 {[%emt 0:00:11]} 70. f6 {[%emt 0:00:30]} Ng6 {[%emt 0:00:05]} 71. Nh7 {[%emt 0:00:31]} Ne5 {[%emt 0:02:55]} 72. Kd2 {[%emt 0:00:25]} Nf7 {[%emt 0:00:23]} 73. Kd3 {[%emt 0:00:38]} Ke5 {[%emt 0:00:04]} 74. Kc4 {[%emt 0:00:48]} Nd6+ {[%emt 0:00:02]} 75. Kb4 {[%emt 0:00:32]} Ke6 {[%emt 0:00:13]} 76. a5 {[%emt 0:00:34]} bxa5+ {[%emt 0:00:05]} 77. Kxa5 {[%emt 0:00:11]} Nxe4 {[%emt 0:00:05]} 78. Kb4 {[%emt 0:00:47]} Kf7 {[%emt 0:00:19]} 79. a4 {[%emt 0:00:21]} Kg6 {[%emt 0:00:13]} 80. a5 {[%emt 0:00:29]} Nd6 {[%emt 0:00:19]} 81. a6 {[%emt 0:00:27]} Nc8 {[%emt 0:00:04]} 82. Kc5 {[%emt 0:00:53]} Kxh7 {[%emt 0:00:25]} 83. Kc6 {[%emt 0:00:11]} Kg6 {[%emt 0:01:58]} 84. Kd7 {[%emt 0:00:20]} Na7 {[%emt 0:02:10]} 85. Ke6 {[%emt 0:00:37]} Kh7 {[%emt 0:00:51]} 86. f7 {[%emt 0:00:36]} Kg7 {[%emt 0:00:08]} 87. Ke7 {[%emt 0:00:12]} Nc8+ {[%emt 0:00:17]} 88. Kd8 {[%emt 0:00:30]} Nd6 {[%emt 0:01:05]} 89. a7 {[%emt 0:00:16]} Nxf7+ {[%emt 0:00:09]} 90. Ke7 {[%emt 0:00:20]} 1-0